NewJeans Quiz - Statistics

General Stats
  • This quiz has been taken 969 times
    620 since last reset
  • The average score is 16 of 18
Answer Stats
Album Song % Correct
OMG OMG
97%
OMG Ditto
95%
Get Up Super Shy
95%
Get Up Get Up
94%
Get Up New Jeans
94%
NewJeans Attention
93%
NewJeans Cookie
92%
NewJeans Hype Boy
92%
Get Up ETA
91%
NewJeans Hurt
88%
How Sweet How Sweet
87%
How Sweet Bubble Gum
86%
Get Up Cool With You
86%
Supernatural Supernatural
84%
Get Up ASAP
83%
Single Zero
81%
Supernatural Right Now
72%
Single GODS
69%
No matching quizzes found
Score Distribution
Percent of People with Each Score
Percentile by Number Answered
Your Score History
You have not taken this quiz since the last reset